Регионална библиотека "Любен Каравелов" - Русе

Върховната тайна (Запис номер 76451)

MARC детайли
000 -Лидер
Контролно поле с фиксирана дължина 01107nam a2200325 c 4500
003 - Код на организацията, давaща контролен номер
Контролно поле BLK
005 - Дата и час на последна редакция
Контролно поле 20250702144517.0
008 - Елементи от данни с фиксирана дължина
fixed length control field 180408b bul|||||r ||||||| ||bul||
010 ## - Наследен системен номер
LC control number KNG00080883000
020 ## - Международен стандартен номер на книга ISBN
Международен стандартен номер на книга ISBN 9789545294129
040 ## - Източник на каталожния запис
Идентификатор на билиотеката - собственик на записа BLK
041 ## - Код за език
Код за езика на текст/звукозапис или на отделно заглавие Български
Код за езика КДБФ Български
080 ## - УДК
Текстов определител УДК Френска литература
УДК код - определител по УДК 821.133.1
УДК определител -312.4
УДК - код + определител 821.133.1-312.4
100 1# - Редна дума - Автор
Автор Вербер, Бернар
Авторска отговорност първи автор
R(LIN) 47602
139 ## - Редно поле
Редна дума Вербер, Бернар
Авторски знак Вер - В 47
245 10 - Сведения за заглавието
Заглавие Върховната тайна
Подзаглавни данни Роман
Редно поле (дума) Бернар Вербер; прев. от фр. Румяна Гецова.
257 ## - Страна на издаване
Страна на създаване/издаване Франция
260 ## - Област на издателските данни
Име на издателя, разпространителя и проч. Колибри
Година на издаване 2006
Печатница София : Симолини
300 ## - Физическа характеристика
Страници 376 с.
Размери/Мащаб 20 см
380 ## - Жанр
Жанр Худож. лит.
500 ## - Общи забележки
Забележка Ориг. загл. L'Ultime secret / Bernard Werber
700 1# - Други автори (авторска отговорност)
Лично име Гецова, Румяна
Автороска отговорност (Описва отношението между автора и произведението) прев. от фр.
9 (RLIN) 254034
852 ## - Местоположение
Форматна сигнатура Цб 238023
856 4# - Електронен адрес и достъп
Електронен формат pdf - файл
856 4# - Електронен адрес и достъп
Електронен формат pdf - файл
999 ## - СИСТЕМНИ КОНТРОЛНИ НОМЕРА
Koha biblionumber 76451
Koha biblioitemnumber 76451
942 ## - АРТИКУЛИ
Вид на библиотечния материал Книги
Скрит в OPAC Не
Koha issues (borrowed), all copies 31
Периодичен библиозапис Да
944 ## - СЪЗДАВАНЕ И РЕДАКЦИЯ на ЗАПИСА
Създаване/Редакция Създаване
Дата на регистрацията/редакция 29.01.2008
Служител, извършил регистрацията/редакцията 30576
Статус, дата на статуса Цветомила Тодорова
944 ## - СЪЗДАВАНЕ И РЕДАКЦИЯ на ЗАПИСА
Създаване/Редакция Редакция
Дата на регистрацията/редакция 31.01.2008
999 ## - СИСТЕМНИ КОНТРОЛНИ НОМЕРА
Koha biblioitemnumber 76451
Наличности
Код за отписване Код за изгубен артикул Код за повреда Коз за рестрикции Код за отдаване Артикулен № Име на библиотеката - собственик Име на библиотеката, в която се намира в момента Статус (Текущо местоположение) Дата на вписване в системата Местоположение - отдел Цена в лева Инвентарен номер Систематично азбучна сигнатура Баркод Номер на екземпляра Цена в евро Служебна бележка Служебен тип на артикула Източник на класификационната схема
  Не е изгубен Не е повреден без рестрикции заемане за дома 124198 Регионална библиотека "Любен Каравелов" Русе Регионална библиотека "Любен Каравелов" Русе Заемна - подръчен фонд 2008-01-30 Заемна - подръчен фонд 12.00 120000722693 П 840-31/В 47 120000722693 1 6.14 Дост: DA Вид: А N: 1 Дата: 30.01.2008 Дата инв: 09.02.2018 Бележки инв: П2018 Книги  
  Не е изгубен Не е повреден без рестрикции заемане за дома 124199 Регионална библиотека "Любен Каравелов" Русе Регионална библиотека "Любен Каравелов" Русе Заемна - подръчен фонд 2008-01-30 Заемна - подръчен фонд 12.00 120000722694 П 840-31/В 47 120000722694 2 6.14 Дост: DA Вид: А N: 1 Дата: 30.01.2008 Дата инв: 09.02.2018 Бележки инв: П2018 Книги  
  Не е изгубен Не е повреден без рестрикции заемане за дома 732746 Регионална библиотека "Любен Каравелов" Русе Регионална библиотека "Любен Каравелов" Русе Заемна - подръчен фонд 2019-08-21 Заемна - подръчен фонд 12.00   П 840-31/В 47 120000835640   6.14   Книги Universal Decimal Classification
Vip Innovations Ltd, Rousse, Bulgaria 2025